000 00956nam a2200265Ia 4500
003 OSt
005 20221005102948.0
006 a|||||r|||| 00| 0
007 ta
008 221004b |||||||| |||| 00| 0 hin d
024 _a107362
037 _cTextual
040 _aCRL
_cCRL
_bhin
041 _2hin
_ahin
082 _aO142,321,14, 152J5
100 _aदास्तवस्की
245 0 _aहिज़ एक्सलेंसी
246 _aHiज़ eksaleansī
260 _aइलाहाबाद
_bनीलाभ प्रकाशन गृह भारत
_c1955
300 _a127पृ0
_ccm.
650 _aरशियन साहित्य
700 _a अश्क, उपेन्द्रनाथ, अनु.
_9163369
942 _hO142,321,14, 152J5
_cTEXL
_2cc
999 _c1009167
_d1009167